000 00836nam a22002057a 4500
003 NALT
005 20241115103227.0
008 th tha d
040 _aNALT
041 _atha
050 _aSB 320.9
_bก782
245 0 0 _aเกษตรพอเพียง ก้าวไกล 1ไร่ได้ 1 แสน /
_cสมพงษ์ บัวแย้ม, บรรณาธิการ.
260 _aกรุงเทพฯ :
_bพงษ์สาส์น,
_cม.ป.ป..
300 _a96 หน้า :
_bภาพประกอบ, แผนภูมิ ;
_c26 ซม.
650 4 _aสวนครัว
_933450
_xการปลูก
650 4 _aผัก
_924995
_xการปลูก
700 0 _aสมพงษ์ บัวแย้ม
_923085
850 _aNALT
942 _cGB
_2lcc
999 _c73237
_d73237
998 _j104
_k นางสาวสายฝน ดีงาม